000 00940nam a22003257a 4500
001 BR2013004850
003 BR-BrBNA
005 20230928104214.0
007 ta
008 230509b bl.||||| |||| 00| 0 por d
040 _aBR-BrBNA
_bpor
_cBiblioteca Nacional de Agricultura
041 _a(Por)
072 _aE71
090 _ E71 BR2013004850
100 1 _aAltoé, L.B.M.
100 1 _aScherma, M.A.
100 1 _aBede,M.A.
100 1 _aGama, H.C.
100 1 _aFonseca, P.J. de P.
110 1 _aServiço Brasileiro de Apoio às Micro e Pequenas Empresas, Brasília, DF (Brasil)
245 1 _aAs micro e pequenas empresas na exportação brasileira 1998-2010 Brasil
260 3 _aBrasília, DF (Brasil):
_c2011.
300 _a140 p.
500 _a1CD-Room; 12 graphs.; 16 tables
650 _aEXPORTAÇÃO
650 _aMERCADO
650 _aESTATÍSTICA
909 _a202309
_bLucia
_c55
_dLucia Elande
942 _cBK
999 _c78678
_d78678